Franklin se pierde / (Registro nro. 4169)

Detalles MARC
000 -LEADER
fixed length control field 01110nam a2200265Ia 4500
008 - FIXED-LENGTH DATA ELEMENTS--GENERAL INFORMATION
fixed length control field 191128s9999 xx 000 0 und d
020 ## - INTERNATIONAL STANDARD BOOK NUMBER
International Standard Book Number 9580477000
082 ## - DEWEY DECIMAL CLASSIFICATION NUMBER
Classification number C
082 ## - DEWEY DECIMAL CLASSIFICATION NUMBER
Item number BOUf
100 ## - MAIN ENTRY--PERSONAL NAME
Personal name Bourgeois, Paulette, autor
245 #0 - TITLE STATEMENT
Title Franklin se pierde /
245 #0 - TITLE STATEMENT
Statement of responsibility, etc. Paulette Bourgeois ; ilustración Brenda Clark ; traducción Ana Cristina Robledo
260 ## - PUBLICATION, DISTRIBUTION, ETC.
Place of publication, distribution, etc. Bogotá
260 ## - PUBLICATION, DISTRIBUTION, ETC.
Name of publisher, distributor, etc. Norma,
260 ## - PUBLICATION, DISTRIBUTION, ETC.
Date of publication, distribution, etc. 2003
300 ## - PHYSICAL DESCRIPTION
Extent [30] páginas sin numerar
300 ## - PHYSICAL DESCRIPTION
Other physical details ilustraciones a color
300 ## - PHYSICAL DESCRIPTION
Dimensions 21 cm
440 ## - SERIES STATEMENT/ADDED ENTRY--TITLE
Title Días felices con Franklin
500 ## - GENERAL NOTE
General note Recomendado para mayores de 5 años.
520 ## - SUMMARY, ETC.
Summary, etc. Franklin podía deslizarse en el agua desde el borde del río. Sabía contar hacia delante y hacia atrás. Podía subir y bajar cremalleras y abotonar botones. Hasta sabía llegar a casa de Oso él solito. Pero a Franklin no le era permitido ir al bosque solo.
546 ## - LANGUAGE NOTE
Language note spa
650 ## - SUBJECT ADDED ENTRY--TOPICAL TERM
Topical term or geographic name entry element Cuentos infantiles Literatura infantil Tortugas en la literatura Libros y lectura para niños--
799 ## - LOCAL ADDED ENTRY--UNIFORM TITLE (RLIN)
Uniform title Clark, Brenda, ilustración Robledo, Ana Cristina, traductora
Existencias
Withdrawn status Lost status Materials specified (bound volume or other part) Damaged status Not for loan Collection code Home library Current library Date acquired Total Checkouts Total Renewals Full call number Barcode Date last seen Date last checked out Copy number Price effective from Koha item type
    Donación--15/01/2018--       Biblioteca Pública José María del Castillo y Rada Biblioteca Pública José María del Castillo y Rada 11/28/2019 21 7 C BOUf 201808991 03/04/2026 03/04/2026 Ej.1 11/28/2019 Books